AH International Schools' Libraries

London / (Record no. 48265)

MARC details
000 -LEADER
fixed length control field 00656cam a22001937a 4500
005 - DATE AND TIME OF LATEST TRANSACTION
control field 20260205125125.0
020 ## - INTERNATIONAL STANDARD BOOK NUMBER
International Standard Book Number 9781407104232 (pbk.)
020 ## - INTERNATIONAL STANDARD BOOK NUMBER
International Standard Book Number 1407104233 (pbk.)
100 1# - MAIN ENTRY--PERSONAL NAME
Personal name Deary, Terry.
9 (RLIN) 35843
245 10 - TITLE STATEMENT
Title London /
Statement of responsibility, etc Terry Deary.
260 ## - PUBLICATION, DISTRIBUTION, ETC. (IMPRINT)
Place of publication, distribution, etc London :
Name of publisher, distributor, etc Scholastic,
Date of publication, distribution, etc 2010.
300 ## - PHYSICAL DESCRIPTION
Extent 127 p.
Other physical details ill. col. map ;
Dimensions 20 cm.
490 1# - SERIES STATEMENT
Series statement Horrible histories. Gruesome guides
500 ## - GENERAL NOTE
General note "With horrible highlights map"--Cover.
500 ## - GENERAL NOTE
General note Originally published: as Loathsome London. London: Hippo, 2005.
650 ## - SUBJECT ADDED ENTRY--TOPICAL TERM
Topical term or geographic name as entry element London History.
Geographic subdivision London (England)
9 (RLIN) 85991
700 1# - ADDED ENTRY--PERSONAL NAME
Personal name Brown, Martin,
Dates associated with a name 1959-
Relator term illustrator.
9 (RLIN) 35847
942 ## - ADDED ENTRY ELEMENTS (KOHA)
Source of classification or shelving scheme
Koha item type NON FIC SECTION
Holdings
Withdrawn status Lost status Source of classification or shelving scheme Damaged status Not for loan Collection code Home library Current library Date acquired Total Checkouts Full call number Barcode Checked out Date last seen Date checked out Price effective from Koha item type
          Non-Fiction Asian Hope Secondary Library Asian Hope Secondary Library 01/29/2025 4 942.1 DEA 207403 05/05/2026 04/28/2026 04/28/2026 01/29/2025 NON FIC SECTION

For any Logos Library related questions please contact Miss Art at swongnarasuk@asianhope.org.

For any Asian Hope Library related questions please contact Miss Raza at graza@asianhope.org.

Powered by Koha